000 00514nam a2200193 4500
001 148888
003 ES-MaACL
005 20230906202846.0
007 t|
008 070214s1961 sp r ||||1| spa d
100 1 _aSueiro, Daniel.
_9108725
245 1 3 _aLa criba /
_cDaniel Sueiro.
260 _aBarcelona :
_bSeix Barral,
_c1961.
300 _a187 p. :
_bil. ;
_c22 cm.
490 1 _aCol. formentor
830 0 _aCol. formentor
_9221052
852 _aES-MaACL
_jF-14076
_bR.48055
999 _c148888
_d148888